[Event "7. Torneio de São José do Rio Preto"]
[Site "São José do Rio Preto BRA"]
[Date "2008.03.24"]
[Round "1.1"]
[White "Santos, Renato Andrade"]
[Black "Santos, Marcus Vinicius M."]
[Result "0-1"]
[WhiteElo "2259"]
[BlackElo "2402"]
[PlyCount "48"]
[EventDate "2008.03.24"]
[EventType "tourn"]
[EventRounds "11"]
[EventCountry "BRA"]
[EventCategory "3"]
[Source "lmi"]
[SourceDate "2008.03.24"]

1. Nc3 Nc6 2. d4 Nf6 3. e4 d5 4. e5 Ne4 5. Nf3 Bg4 6. Be3 e6 7. a3 f6 8. exf6
gxf6 9. Be2 Nxc3 10. bxc3 Qd7 11. Qd3 Na5 12. O-O Nc4 13. Rfb1 Qc6 14. Bc1
O-O-O 15. Ne5 Nxe5 16. dxe5 Bf5 17. Qe3 Bc5 18. Qf4 fxe5 19. Qxe5 Bxc2 20. Rb2
Be4 21. Be3 Rhg8 22. g3 Bxe3 23. fxe3 Qc5 24. Qxe6+ Kb8 0-1

[Event "7. Torneio de São José do Rio Preto"]
[Site "São José do Rio Preto BRA"]
[Date "2008.03.24"]
[Round "1.2"]
[White "Capatti, Eduardo"]
[Black "Valiente, Cristobal"]
[Result "1/2-1/2"]
[WhiteElo "2169"]
[BlackElo "2273"]
[PlyCount "27"]
[EventDate "2008.03.24"]
[EventType "tourn"]
[EventRounds "11"]
[EventCountry "BRA"]
[EventCategory "3"]
[Source "lmi"]
[SourceDate "2008.03.24"]

1. d4 g6 2. Nf3 Bg7 3. c3 Nf6 4. Nbd2 d5 5. e3 O-O 6. Bd3 b6 7. e4 dxe4 8. Nxe4
Bb7 9. Qe2 Nbd7 10. O-O c5 11. Bg5 c4 12. Bc2 Qc7 13. Rfe1 Nd5 14. Qd2 1/2-1/2

[Event "7. Torneio de São José do Rio Preto"]
[Site "São José do Rio Preto BRA"]
[Date "2008.03.24"]
[Round "1.3"]
[White "Viana da Costa, Fernando"]
[Black "Martins, Vinicius Tine"]
[Result "1/2-1/2"]
[WhiteElo "2294"]
[BlackElo "2308"]
[PlyCount "55"]
[EventDate "2008.03.24"]
[EventType "tourn"]
[EventRounds "11"]
[EventCountry "BRA"]
[EventCategory "3"]
[Source "lmi"]
[SourceDate "2008.03.24"]

1. e4 c5 2. c3 Nf6 3. e5 Nd5 4. g3 d6 5. exd6 Qxd6 6. Bg2 Nc6 7. Ne2 Bf5 8. d4
cxd4 9. Nxd4 Nxd4 10. cxd4 Qe6+ 11. Kf1 Qa6+ 12. Kg1 e6 13. Nc3 Nxc3 14. bxc3
Bd6 15. Qb3 O-O 16. c4 Rad8 17. Be3 b6 18. f4 Rc8 19. Rc1 Rc7 20. Kf2 Rfc8 21.
Bf1 Qb7 22. Be2 Be4 23. Rhd1 h6 24. a4 Be7 25. Ra1 Rd8 26. a5 Rcd7 27. axb6
axb6 28. Qc3 1/2-1/2

[Event "7. Torneio de São José do Rio Preto"]
[Site "São José do Rio Preto BRA"]
[Date "2008.03.24"]
[Round "1.4"]
[White "Crosa Coll, Martin"]
[Black "Quiroga, Facundo"]
[Result "1-0"]
[WhiteElo "2391"]
[BlackElo "2331"]
[PlyCount "101"]
[EventDate "2008.03.24"]
[EventType "tourn"]
[EventRounds "11"]
[EventCountry "BRA"]
[EventCategory "3"]
[Source "lmi"]
[SourceDate "2008.03.24"]

1. g3 d5 2. Bg2 Nf6 3. d3 c6 4. Nf3 Bf5 5. O-O h6 6. c4 dxc4 7. dxc4 Qxd1 8.
Rxd1 g5 9. Nd4 Bg6 10. Nc3 Nbd7 11. b3 Bg7 12. e4 O-O-O 13. Ba3 e5 14. Nf5 Bxf5
15. exf5 Rhe8 16. Rd2 Bf8 17. Bxf8 Nxf8 18. Re2 Rd4 19. Rae1 N8d7 20. h3 a5 21.
Re3 Kc7 22. Kf1 Rd2 23. R1e2 Rxe2 24. Kxe2 Nc5 25. Kd2 Kd6 26. Kc2 h5 27. a3
Ra8 28. b4 axb4 29. axb4 Ncd7 30. c5+ Kc7 31. Re1 Re8 32. Kb3 Rh8 33. Kc4 h4
34. b5 hxg3 35. fxg3 cxb5+ 36. Nxb5+ Kb8 37. Nd6 e4 38. Rb1 Ne5+ 39. Kc3 Kc7
40. Nxe4 Nxe4+ 41. Bxe4 Rxh3 42. Rxb7+ Kc8 43. Kd4 f6 44. Rb3 Rh2 45. c6 Rd2+
46. Kc5 Nf7 47. Bd5 Nd8 48. Ra3 Rd1 49. Ra8+ Kc7 50. Ra7+ Kc8 51. Kd6 1-0

[Event "7. Torneio de São José do Rio Preto"]
[Site "São José do Rio Preto BRA"]
[Date "2008.03.24"]
[Round "1.5"]
[White "Borges, Leomar Barbero"]
[Black "Oliveira, Silvio Eduardo C. d"]
[Result "1/2-1/2"]
[WhiteElo "2230"]
[BlackElo "2291"]
[PlyCount "23"]
[EventDate "2008.03.24"]
[EventType "tourn"]
[EventRounds "11"]
[EventCountry "BRA"]
[EventCategory "3"]
[Source "lmi"]
[SourceDate "2008.03.24"]

1. c4 c5 2. Nc3 Nc6 3. Nf3 Nf6 4. g3 g6 5. Bg2 Bg7 6. O-O O-O 7. d4 d6 8. dxc5
dxc5 9. Be3 Be6 10. Qxd8 Rfxd8 11. Bxc5 Bxc4 12. Rad1 1/2-1/2

[Event "7. Torneio de São José do Rio Preto"]
[Site "São José do Rio Preto BRA"]
[Date "2008.03.24"]
[Round "1.6"]
[White "Stamenkovic, Dragan"]
[Black "Perdomo, Leandro"]
[Result "1/2-1/2"]
[WhiteElo "2417"]
[BlackElo "2354"]
[PlyCount "43"]
[EventDate "2008.03.24"]
[EventType "tourn"]
[EventRounds "11"]
[EventCountry "BRA"]
[EventCategory "3"]
[Source "lmi"]
[SourceDate "2008.03.24"]

1. d4 Nf6 2. Bg5 e6 3. e4 c5 4. d5 d6 5. Nc3 a6 6. a4 Be7 7. Nf3 O-O 8. Qd2 h6
9. Be3 Ng4 10. dxe6 Bxe6 11. Bf4 Nc6 12. Nd5 Bxd5 13. exd5 Nce5 14. Be2 Bf6 15.
O-O Nxf3+ 16. Bxf3 Ne5 17. Be2 Ng6 18. Be3 Bxb2 19. Rab1 Qf6 20. Qa5 Rab8 21.
Qb6 Be5 22. g3 1/2-1/2

[Event "7. Torneio de São José do Rio Preto"]
[Site "São José do Rio Preto BRA"]
[Date "2008.03.24"]
[Round "2.1"]
[White "Santos, Marcus Vinicius M."]
[Black "Perdomo, Leandro"]
[Result "1-0"]
[WhiteElo "2402"]
[BlackElo "2354"]
[PlyCount "69"]
[EventDate "2008.03.24"]
[EventType "tourn"]
[EventRounds "11"]
[EventCountry "BRA"]
[EventCategory "3"]
[Source "lmi"]
[SourceDate "2008.03.24"]

1. d4 Nf6 2. c4 g6 3. Nc3 Bg7 4. e4 d6 5. f4 O-O 6. Nf3 c5 7. d5 a6 8. a4 e5 9.
fxe5 Ng4 10. exd6 f5 11. Bd3 Bxc3+ 12. bxc3 fxe4 13. Bxe4 Re8 14. Ng5 Nf6 15.
O-O Nxe4 16. Nf7 Qh4 17. Qf3 Nd7 18. Nh6+ Kh8 19. Bf4 Kg7 20. Nf7 Ndf6 21. Bg5
Qh5 22. Bxf6+ Kxf7 23. Qf4 Bf5 24. d7 Nxf6 25. dxe8=Q+ Rxe8 26. Rae1 Rxe1 27.
Rxe1 Qg4 28. Qc7+ Nd7 29. Qd8 Kg7 30. Qe7+ Kh6 31. h3 Qxc4 32. g4 Bc2 33. Qh4+
Kg7 34. Re7+ Kf8 35. Rxd7 1-0

[Event "7. Torneio de São José do Rio Preto"]
[Site "São José do Rio Preto BRA"]
[Date "2008.03.24"]
[Round "2.2"]
[White "Oliveira, Silvio Eduardo C. d"]
[Black "Stamenkovic, Dragan"]
[Result "0-1"]
[WhiteElo "2291"]
[BlackElo "2417"]
[PlyCount "64"]
[EventDate "2008.03.24"]
[EventType "tourn"]
[EventRounds "11"]
[EventCountry "BRA"]
[EventCategory "3"]
[Source "lmi"]
[SourceDate "2008.03.24"]

1. e4 c5 2. Nf3 Nc6 3. d4 cxd4 4. Nxd4 g6 5. Nc3 Bg7 6. Be3 Nf6 7. Bc4 Qa5 8.
O-O O-O 9. Nb3 Qc7 10. Bg5 a6 11. Be2 h5 12. a4 b5 13. Nd5 Nxd5 14. exd5 f6 15.
Bd2 Ne5 16. Bb4 d6 17. Ba5 Qb7 18. Bc3 g5 19. Qd2 g4 20. f4 gxf3 21. gxf3 f5
22. f4 Ng6 23. Bf3 Bxc3 24. bxc3 Qc7 25. Nd4 Bd7 26. Kh1 Qc4 27. Rg1 Rac8 28.
Nc6 Kf7 29. Rg5 Qxf4 30. Qg2 Nh4 31. Bxh5+ Kf6 32. Qe2 Kxg5 0-1

[Event "7. Torneio de São José do Rio Preto"]
[Site "São José do Rio Preto BRA"]
[Date "2008.03.24"]
[Round "2.3"]
[White "Quiroga, Facundo"]
[Black "Borges, Leomar Barbero"]
[Result "0-1"]
[WhiteElo "2331"]
[BlackElo "2230"]
[PlyCount "76"]
[EventDate "2008.03.24"]
[EventType "tourn"]
[EventRounds "11"]
[EventCountry "BRA"]
[EventCategory "3"]
[Source "lmi"]
[SourceDate "2008.03.24"]

1. d4 Nf6 2. c4 g6 3. Nc3 d5 4. Nf3 Bg7 5. Qb3 dxc4 6. Qxc4 O-O 7. e4 c6 8. Qb3
a5 9. Be2 b5 10. a3 Be6 11. Qc2 a4 12. O-O Nbd7 13. Bg5 Nb6 14. Rac1 Rc8 15. h3
h6 16. Be3 Nc4 17. Bxc4 Bxc4 18. Rfe1 Bb3 19. Qd2 Kh7 20. Ne5 Nd7 21. f4 Nb6
22. Rf1 f6 23. Nf3 Nc4 24. Qf2 e5 25. d5 Nxe3 26. Qxe3 cxd5 27. exd5 exf4 28.
Qxf4 Bxd5 29. Rfd1 Qb6+ 30. Kh1 Bb3 31. Rd7 Rfd8 32. Rxd8 Rxd8 33. Qh4 Rb8 34.
Qd4 f5 35. Qxb6 Rxb6 36. Re1 b4 37. axb4 a3 38. Nd2 axb2 0-1

[Event "7. Torneio de São José do Rio Preto"]
[Site "São José do Rio Preto BRA"]
[Date "2008.03.24"]
[Round "2.4"]
[White "Martins, Vinicius Tine"]
[Black "Crosa Coll, Martin"]
[Result "0-1"]
[WhiteElo "2308"]
[BlackElo "2391"]
[PlyCount "46"]
[EventDate "2008.03.24"]
[EventType "tourn"]
[EventRounds "11"]
[EventCountry "BRA"]
[EventCategory "3"]
[Source "lmi"]
[SourceDate "2008.03.24"]

1. e4 g6 2. d4 Bg7 3. Nc3 d6 4. f4 a6 5. Nf3 Nd7 6. Bd3 c5 7. Be3 cxd4 8. Nxd4
Ngf6 9. O-O O-O 10. Kh1 Qc7 11. a4 Re8 12. a5 e5 13. Nde2 Nc5 14. fxe5 Rxe5 15.
Bd4 Ng4 16. h3 Rh5 17. Bxg7 Kxg7 18. Nf4 Rh6 19. Nfd5 Qd8 20. Be2 Ne5 21. b4
Bxh3 22. bxc5 Qh4 23. Rf4 Qg3 0-1

[Event "7. Torneio de São José do Rio Preto"]
[Site "São José do Rio Preto BRA"]
[Date "2008.03.24"]
[Round "2.5"]
[White "Valiente, Cristobal"]
[Black "Viana da Costa, Fernando"]
[Result "0-1"]
[WhiteElo "2273"]
[BlackElo "2294"]
[PlyCount "74"]
[EventDate "2008.03.24"]
[EventType "tourn"]
[EventRounds "11"]
[EventCountry "BRA"]
[EventCategory "3"]
[Source "lmi"]
[SourceDate "2008.03.24"]

1. Nf3 c5 2. g3 Nc6 3. Bg2 g6 4. O-O Bg7 5. d3 Nf6 6. e4 d6 7. Nc3 O-O 8. Bg5
Bg4 9. h3 Bxf3 10. Bxf3 Rb8 11. Qd2 b5 12. a3 Nd4 13. Bg2 Qd7 14. Rae1 Rfc8 15.
Nd5 b4 16. axb4 cxb4 17. Rc1 a5 18. Kh2 Ne6 19. Be3 Nxd5 20. exd5 Nd4 21. Bxd4
Bxd4 22. c3 bxc3 23. bxc3 Bf6 24. d4 Qb5 25. Qa2 a4 26. c4 Qb3 27. Qa1 Qb4 28.
Rfd1 a3 29. Bf1 Qb2 30. Kg2 a2 31. Qxb2 Rxb2 32. Ra1 Ra8 33. c5 dxc5 34. dxc5
Rc2 35. c6 Bxa1 36. Rxa1 Rc5 37. Be2 Rxd5 0-1

[Event "7. Torneio de São José do Rio Preto"]
[Site "São José do Rio Preto BRA"]
[Date "2008.03.24"]
[Round "2.6"]
[White "Santos, Renato Andrade"]
[Black "Capatti, Eduardo"]
[Result "1-0"]
[WhiteElo "2259"]
[BlackElo "2169"]
[PlyCount "79"]
[EventDate "2008.03.24"]
[EventType "tourn"]
[EventRounds "11"]
[EventCountry "BRA"]
[EventCategory "3"]
[Source "lmi"]
[SourceDate "2008.03.24"]

1. d4 Nf6 2. c4 g6 3. Nc3 Bg7 4. e4 d6 5. f4 c5 6. Nf3 O-O 7. Be2 Qa5 8. O-O
cxd4 9. Nxd4 Nc6 10. Be3 Bd7 11. Nc2 Nb4 12. Nd4 Nc6 13. Nb3 Qd8 14. h3 Na5 15.
Nd4 Nc6 16. Nc2 b6 17. Qd2 Rc8 18. Rad1 Na5 19. b3 Bc6 20. Bf3 Nb7 21. Nd4 Na5
22. Nxc6 Nxc6 23. Nd5 Nxd5 24. exd5 Nb8 25. Be4 Nd7 26. Bb1 Nf6 27. Rfe1 Qd7
28. Qf2 b5 29. Bd3 bxc4 30. bxc4 Rc7 31. Rb1 Qa4 32. Bd4 Ne8 33. Bxg7 Kxg7 34.
f5 Nf6 35. Re2 Qe8 36. Rbe1 Qd8 37. Qd4 Kg8 38. Re3 Re8 39. Qxf6 exf6 40. Rxe8+
1-0

[Event "7. Torneio de São José do Rio Preto"]
[Site "São José do Rio Preto BRA"]
[Date "2008.03.25"]
[Round "3.1"]
[White "Capatti, Eduardo"]
[Black "Santos, Marcus Vinicius M."]
[Result "0-1"]
[WhiteElo "2169"]
[BlackElo "2402"]
[PlyCount "50"]
[EventDate "2008.03.24"]
[EventType "tourn"]
[EventRounds "11"]
[EventCountry "BRA"]
[EventCategory "3"]
[Source "lmi"]
[SourceDate "2008.03.24"]

1. d4 d5 2. Nf3 Nc6 3. e3 Bg4 4. c4 e6 5. Nc3 Nf6 6. Bd2 a6 7. Rc1 dxc4 8. Bxc4
Bd6 9. d5 Ne5 10. Qe2 b5 11. Bb3 b4 12. dxe6 bxc3 13. exf7+ Nxf7 14. Bxf7+ Kxf7
15. Bxc3 h6 16. Qc4+ Be6 17. Qd3 Re8 18. Nd4 Bd5 19. Nf5 Be5 20. Bxe5 Rxe5 21.
O-O Qd7 22. Nd4 Rae8 23. Rfe1 Rg5 24. f3 Bxf3 25. Qc4+ Bd5 0-1

[Event "7. Torneio de São José do Rio Preto"]
[Site "São José do Rio Preto BRA"]
[Date "2008.03.25"]
[Round "3.2"]
[White "Viana da Costa, Fernando"]
[Black "Santos, Renato Andrade"]
[Result "1/2-1/2"]
[WhiteElo "2294"]
[BlackElo "2259"]
[PlyCount "116"]
[EventDate "2008.03.24"]
[EventType "tourn"]
[EventRounds "11"]
[EventCountry "BRA"]
[EventCategory "3"]
[Source "lmi"]
[SourceDate "2008.03.24"]

1. e4 c5 2. Nf3 Nc6 3. d4 cxd4 4. Nxd4 d6 5. c4 Nf6 6. Nc3 g6 7. Nc2 Bg7 8. Be2
O-O 9. O-O Nd7 10. Bd2 a5 11. Rb1 Nc5 12. f3 f5 13. exf5 Bxf5 14. g4 Be6 15. b3
Kh8 16. Ne3 Nd4 17. f4 Bd7 18. Rf2 Nxe2+ 19. Qxe2 e6 20. Ned1 Bc6 21. Be3 Qh4
22. Rb2 Rad8 23. Rd2 b6 24. Bd4 Bxd4 25. Rxd4 Qf6 26. Qe3 Ba8 27. h3 Qg7 28.
Ne2 e5 29. fxe5 dxe5 30. Rxd8 Rxd8 31. Ndc3 h6 32. Nc1 Kh7 33. Rd2 Rxd2 34.
Qxd2 Qf6 35. Qf2 Kg7 36. N1e2 Qxf2+ 37. Kxf2 Kf6 38. h4 Ke6 39. Ke3 Bc6 40. Ng3
Nd7 41. Nge4 Bb7 42. a3 Bc6 43. b4 axb4 44. axb4 Bb7 45. Na4 Bxe4 46. Kxe4 Nf6+
47. Kf3 Nd7 48. Ke3 h5 49. Kf3 Kf6 50. gxh5 gxh5 51. c5 bxc5 52. Nxc5 Nb6 53.
Ke4 Nc4 54. Kd5 Ne3+ 55. Ke4 Nc4 56. Kd3 Nb6 57. Ke4 Nc4 58. Kd5 Ne3+ 1/2-1/2

[Event "7. Torneio de São José do Rio Preto"]
[Site "São José do Rio Preto BRA"]
[Date "2008.03.25"]
[Round "3.3"]
[White "Crosa Coll, Martin"]
[Black "Valiente, Cristobal"]
[Result "1-0"]
[WhiteElo "2391"]
[BlackElo "2273"]
[PlyCount "83"]
[EventDate "2008.03.24"]
[EventType "tourn"]
[EventRounds "11"]
[EventCountry "BRA"]
[EventCategory "3"]
[Source "lmi"]
[SourceDate "2008.03.24"]

1. e4 e5 2. Nf3 Nc6 3. d4 exd4 4. Nxd4 Bc5 5. Nxc6 Qf6 6. Qd2 bxc6 7. Bd3 Ne7
8. Qf4 Qxf4 9. Bxf4 d6 10. Nd2 Ng6 11. Bg3 O-O 12. Nb3 Bb6 13. O-O-O Be6 14.
Kb1 a5 15. c3 a4 16. Nd4 Bd7 17. f4 Ne7 18. f5 c5 19. Nf3 f6 20. Bf4 g5 21. Bc1
Kg7 22. h4 g4 23. Ng1 Bc6 24. c4 Be8 25. Ne2 Nc6 26. Nf4 Bf7 27. h5 Ne5 28. b3
axb3 29. axb3 c6 30. Bb2 Bc7 31. Rh4 Rg8 32. Be2 Kf8 33. Nd3 g3 34. Nxe5 fxe5
35. Rd3 d5 36. exd5 cxd5 37. cxd5 Rg5 38. d6 Bd8 39. Re4 Rxf5 40. Rxe5 Rf2 41.
d7 Rxg2 42. Rf3 1-0

[Event "7. Torneio de São José do Rio Preto"]
[Site "São José do Rio Preto BRA"]
[Date "2008.03.25"]
[Round "3.4"]
[White "Borges, Leomar Barbero"]
[Black "Martins, Vinicius Tine"]
[Result "0-1"]
[WhiteElo "2230"]
[BlackElo "2308"]
[PlyCount "96"]
[EventDate "2008.03.24"]
[EventType "tourn"]
[EventRounds "11"]
[EventCountry "BRA"]
[EventCategory "3"]
[Source "lmi"]
[SourceDate "2008.03.24"]

1. Nf3 c5 2. b3 Nf6 3. Bb2 d5 4. g3 g6 5. Bg2 Bg7 6. d3 O-O 7. Nbd2 Nc6 8. O-O
Qc7 9. e4 dxe4 10. dxe4 b6 11. Qe2 Nd7 12. Bxg7 Kxg7 13. Rfe1 Rd8 14. Nf1 Bb7
15. Ne3 Nf6 16. Nf1 e5 17. c3 Rd7 18. Bh3 Rd6 19. Nh4 Rad8 20. Qe3 Ne7 21. f3
Rd3 22. Qc1 c4 23. b4 b5 24. Re2 h6 25. Ne3 Qb6 26. Kh1 Qd6 27. a4 a6 28. axb5
axb5 29. Ra7 Qb6 30. Ra1 Ra8 31. Rxa8 Bxa8 32. Bf1 Bb7 33. Re1 Rd6 34. Rd1 Rxd1
35. Nxd1 Qd6 36. Ne3 Ne8 37. Kg1 Qd7 38. Kf2 Qe6 39. Qd2 Qd6 40. Qc1 Qc6 41.
Be2 Nd6 42. Ng4 g5 43. Ng2 f6 44. h4 Qb6+ 45. Kf1 Bxe4 46. hxg5 hxg5 47. Nxe5
Nef5 48. Qe1 fxe5 0-1

[Event "7. Torneio de São José do Rio Preto"]
[Site "São José do Rio Preto BRA"]
[Date "2008.03.25"]
[Round "3.5"]
[White "Stamenkovic, Dragan"]
[Black "Quiroga, Facundo"]
[Result "0-1"]
[WhiteElo "2417"]
[BlackElo "2331"]
[PlyCount "100"]
[EventDate "2008.03.24"]
[EventType "tourn"]
[EventRounds "11"]
[EventCountry "BRA"]
[EventCategory "3"]
[Source "lmi"]
[SourceDate "2008.03.24"]

1. d4 d6 2. e4 Nd7 3. g3 e5 4. Ne2 Ngf6 5. Bg2 Be7 6. O-O O-O 7. Nbc3 Re8 8. h3
Bf8 9. Be3 c6 10. a4 exd4 11. Bxd4 Nc5 12. Bxc5 dxc5 13. Qxd8 Rxd8 14. Rfd1 Be6
15. Nf4 Be7 16. e5 Nd7 17. Nxe6 fxe6 18. f4 a5 19. h4 Nb6 20. Kf2 Rd4 21. Rxd4
cxd4 22. Ne2 Rd8 23. Be4 g6 24. b3 Bc5 25. Kf3 Nd5 26. Rd1 Ne3 27. Rh1 Bb6 28.
h5 Kg7 29. Nc1 Ba7 30. Rh2 Rc8 31. Bd3 Rb8 32. Ne2 b5 33. Ng1 bxa4 34. bxa4 g5
35. h6+ Kh8 36. fxg5 c5 37. Bb5 Rf8+ 38. Ke4 Ng4 39. Re2 Nf2+ 40. Rxf2 Rxf2 41.
Ne2 Rf5 42. Bc4 Bb8 43. Nf4 Rxe5+ 44. Kd3 Re3+ 45. Kd2 Bxf4 46. gxf4 Re4 47.
Kd3 Rxf4 48. Bxe6 Rf3+ 49. Ke4 Re3+ 50. Kd5 Re5+ 0-1

[Event "7. Torneio de São José do Rio Preto"]
[Site "São José do Rio Preto BRA"]
[Date "2008.03.25"]
[Round "3.6"]
[White "Perdomo, Leandro"]
[Black "Oliveira, Silvio Eduardo C. d"]
[Result "1-0"]
[WhiteElo "2354"]
[BlackElo "2291"]
[PlyCount "81"]
[EventDate "2008.03.24"]
[EventType "tourn"]
[EventRounds "11"]
[EventCountry "BRA"]
[EventCategory "3"]
[Source "lmi"]
[SourceDate "2008.03.24"]

1. d4 Nf6 2. c4 g6 3. Nc3 d5 4. cxd5 Nxd5 5. e4 Nxc3 6. bxc3 Bg7 7. Bc4 O-O 8.
Ne2 c5 9. O-O Nc6 10. Be3 Bd7 11. Qd2 Qc7 12. Rac1 a6 13. h3 b5 14. Bd3 Rad8
15. Rfd1 Bc8 16. Qb2 e6 17. a4 bxa4 18. Qa3 Qa5 19. Bc2 cxd4 20. cxd4 Bd7 21.
Ra1 Rb8 22. Bxa4 Rfc8 23. Qd6 Qd8 24. d5 exd5 25. exd5 Bf5 26. Qxd8+ Nxd8 27.
Bd4 Bf8 28. Ng3 Bc2 29. Bxc2 Rxc2 30. Be5 Rb7 31. Rxa6 f5 32. Nf1 Rd7 33. d6
Nf7 34. Ne3 Re2 35. Bg3 Rb2 36. Nd5 Kg7 37. Nc7 Re2 38. Kf1 Re4 39. f3 Re3 40.
Bf4 Rb3 41. Ne6+ 1-0

[Event "7. Torneio de São José do Rio Preto"]
[Site "São José do Rio Preto BRA"]
[Date "2008.03.25"]
[Round "4.1"]
[White "Santos, Marcus Vinicius M."]
[Black "Oliveira, Silvio Eduardo C. d"]
[Result "1-0"]
[WhiteElo "2402"]
[BlackElo "2291"]
[PlyCount "61"]
[EventDate "2008.03.24"]
[EventType "tourn"]
[EventRounds "11"]
[EventCountry "BRA"]
[EventCategory "3"]
[Source "lmi"]
[SourceDate "2008.03.24"]

1. d4 d5 2. c4 c6 3. Nc3 Nf6 4. e3 e6 5. Nf3 Nbd7 6. Qc2 Bd6 7. g4 dxc4 8. Bxc4
e5 9. g5 Nd5 10. Ne4 Bb4+ 11. Bd2 Bxd2+ 12. Qxd2 N7b6 13. Bb3 exd4 14. Qxd4 O-O
15. Rg1 Bf5 16. O-O-O Bxe4 17. Qxe4 Re8 18. Qh4 Qe7 19. Bc2 g6 20. Rg3 Qf8 21.
a3 c5 22. Nd2 Rad8 23. Ne4 c4 24. Rh3 Qg7 25. Nf6+ Nxf6 26. Rxd8 Rxd8 27. gxf6
Qh8 28. Rf3 Nd7 29. Qd4 h6 30. Bxg6 fxg6 31. Qd5+ 1-0

[Event "7. Torneio de São José do Rio Preto"]
[Site "São José do Rio Preto BRA"]
[Date "2008.03.25"]
[Round "4.2"]
[White "Quiroga, Facundo"]
[Black "Perdomo, Leandro"]
[Result "1/2-1/2"]
[WhiteElo "2331"]
[BlackElo "2354"]
[PlyCount "29"]
[EventDate "2008.03.24"]
[EventType "tourn"]
[EventRounds "11"]
[EventCountry "BRA"]
[EventCategory "3"]
[Source "lmi"]
[SourceDate "2008.03.24"]

1. d4 Nf6 2. c4 g6 3. Nc3 Bg7 4. e4 O-O 5. Nf3 d6 6. Be2 e5 7. dxe5 dxe5 8.
Qxd8 Rxd8 9. Bg5 Re8 10. Nd5 Nxd5 11. cxd5 c6 12. Bc4 b5 13. Bb3 a5 14. a3 a4
15. Ba2 1/2-1/2

[Event "7. Torneio de São José do Rio Preto"]
[Site "São José do Rio Preto BRA"]
[Date "2008.03.25"]
[Round "4.3"]
[White "Martins, Vinicius Tine"]
[Black "Stamenkovic, Dragan"]
[Result "0-1"]
[WhiteElo "2308"]
[BlackElo "2417"]
[PlyCount "76"]
[EventDate "2008.03.24"]
[EventType "tourn"]
[EventRounds "11"]
[EventCountry "BRA"]
[EventCategory "3"]
[Source "lmi"]
[SourceDate "2008.03.24"]

1. e4 c5 2. Nf3 d6 3. d4 cxd4 4. Nxd4 Nf6 5. f3 g6 6. c4 Bg7 7. Nc3 Nc6 8. Be3
O-O 9. Qd2 Bd7 10. Be2 Nxd4 11. Bxd4 Bc6 12. b4 b6 13. O-O Nd7 14. Be3 f5 15.
exf5 gxf5 16. Rac1 Qe8 17. Nd5 Rc8 18. Rfe1 Qf7 19. Bd3 e6 20. Nc3 Ne5 21. Be2
Qg6 22. Kh1 Rfd8 23. Bd4 Rc7 24. Nd1 Bf6 25. Ne3 Rg7 26. Rg1 Bg5 27. Rcf1 Qh6
28. Qc3 Bf4 29. h3 Rg3 30. Rf2 Ng4 31. Nf1 e5 32. Nxg3 Bxg3 33. Rff1 exd4 34.
Qxd4 Ne3 35. Rb1 Be5 36. Qd3 Qf4 37. g3 Bxf3+ 38. Kh2 Ng4+ 0-1

[Event "7. Torneio de São José do Rio Preto"]
[Site "São José do Rio Preto BRA"]
[Date "2008.03.25"]
[Round "4.5"]
[White "Santos, Renato Andrade"]
[Black "Crosa Coll, Martin"]
[Result "1/2-1/2"]
[WhiteElo "2259"]
[BlackElo "2391"]
[PlyCount "64"]
[EventDate "2008.03.24"]
[EventType "tourn"]
[EventRounds "11"]
[EventCountry "BRA"]
[EventCategory "3"]
[Source "lmi"]
[SourceDate "2008.03.24"]

1. e4 c5 2. Nf3 Nc6 3. d4 cxd4 4. Nxd4 Nf6 5. Nc3 e5 6. Ndb5 d6 7. Bg5 a6 8.
Na3 b5 9. Nd5 Be7 10. Bxf6 Bxf6 11. c3 Bg5 12. Nc2 O-O 13. a4 bxa4 14. Rxa4 a5
15. Bc4 Rb8 16. b4 axb4 17. Ncxb4 Bd7 18. Nxc6 Bxc6 19. Rb4 Qa5 20. O-O Qc5 21.
Qb3 Ra8 22. Nb6 Ra5 23. Bd5 h6 24. Rc4 Bxd5 25. Rxc5 Bxb3 26. Rxa5 Bc2 27. Ra8
Rxa8 28. Nxa8 Bxe4 29. Nb6 Bd8 30. Na4 Kf8 31. Nb2 Ke7 32. Ra1 Ke6 1/2-1/2

[Event "7. Torneio de São José do Rio Preto"]
[Site "São José do Rio Preto BRA"]
[Date "2008.03.25"]
[Round "4.6"]
[White "Capatti, Eduardo"]
[Black "Viana da Costa, Fernando"]
[Result "0-1"]
[WhiteElo "2169"]
[BlackElo "2294"]
[PlyCount "42"]
[EventDate "2008.03.24"]
[EventType "tourn"]
[EventRounds "11"]
[EventCountry "BRA"]
[EventCategory "3"]
[Source "lmi"]
[SourceDate "2008.03.24"]

1. d4 g6 2. Nf3 Bg7 3. Nbd2 d5 4. e3 c5 5. c3 b6 6. Ne5 Nf6 7. Bb5+ Bd7 8. Nxd7
Nbxd7 9. Qf3 Qc7 10. e4 cxd4 11. cxd4 dxe4 12. Nxe4 O-O 13. O-O Nxe4 14. Qxe4
Nf6 15. Qe5 Qb7 16. Bg5 Rad8 17. Rac1 Rd5 18. Bxf6 Rxe5 19. Bc6 Qb8 20. Bxg7
Kxg7 21. dxe5 Qxe5 0-1

[Event "7. Torneio de São José do Rio Preto"]
[Site "São José do Rio Preto BRA"]
[Date "2008.03.26"]
[Round "5.1"]
[White "Viana da Costa, Fernando"]
[Black "Santos, Marcus Vinicius M."]
[Result "0-1"]
[WhiteElo "2294"]
[BlackElo "2402"]
[PlyCount "108"]
[EventDate "2008.03.24"]
[EventType "tourn"]
[EventRounds "11"]
[EventCountry "BRA"]
[EventCategory "3"]
[Source "lmi"]
[SourceDate "2008.03.24"]

1. c4 e6 2. Nf3 d5 3. d4 c5 4. e3 Nc6 5. Nc3 Nf6 6. cxd5 exd5 7. Bb5 Bd6 8.
dxc5 Bxc5 9. O-O O-O 10. b3 Bg4 11. Be2 a6 12. Bb2 Qd6 13. Rc1 Rad8 14. Nd4
Bxd4 15. Bxg4 Be5 16. g3 d4 17. exd4 Bxd4 18. Bh3 Ne5 19. Na4 Nd3 20. Rc2 Nxf2
21. Qxd4 Nxh3+ 22. Kg2 Qxd4 23. Bxd4 Rxd4 24. Kxh3 b5 25. Nc5 Rd6 26. Rff2 Re8
27. Rfd2 Nd5 28. Rd4 g5 29. Rcd2 Rh6+ 30. Kg2 Ne3+ 31. Kg1 Re5 32. Re4 Rf6 33.
h3 Rf1+ 34. Kh2 Rxe4 35. Nxe4 Re1 36. Rf2 Nd1 37. Nf6+ Kg7 38. Nh5+ Kf8 39. Rc2
b4 40. g4 Nc3 41. Ng3 Ra1 42. a4 Rb1 43. Nf5 Rxb3 44. Rd2 Ke8 45. Nd6+ Ke7 46.
Nf5+ Kf6 47. Rd6+ Ke5 48. Rxa6 Rb2+ 49. Kg1 b3 50. Rb6 Rb1+ 51. Kf2 b2 52. Ne3
Nxa4 53. Rb5+ Ke6 54. Rb4 Rc1 0-1